Statistiques concernant Les pays voisins de la Suisse

Cliquez ici pour prendre le quiz!

Statistiques générales

  • Ce quiz a été pris 113 fois
  • Le résultat moyen est 4 sur 5

Statistiques - réponses

Pays - capitale% Correct
France - Paris
100%
Allemagne - Berlin
94%
Italie - Rome
94%
Autriche - Vienne
89%
Liechtenstein - Vaduz
56%

Distribution des résultats

Percentile par nombre de réponses

% des personnes avec chaque résultat

Votre développement - résultats

Vous n’avez pas pris ce quiz